000 00971nam a2200253 a 4500
008 120416s1996 ||||||||||||||||| || u
020 _a0821336959
050 _aIBRD(08)
100 _aDe Geyndt, Willy
245 1 0 _aSocial development and absolute poverty in Asia and Latin America
_cWilly De Geyndt
260 _aWashington, D.C.:
_bWorld Bank
_c1996
300 _aix, 45p. : ill.
350 _a0.00
650 _aSOCIAL INDICATORS--ASIA
650 _aPOVERTY--LATIN AMERICA
650 0 _aASIA--ECONOMIC CONDITIONS--STATISTICS
650 _aASIA--SOCIAL CONDITIONS--STATISTICS
650 _aLATIN AMERICA--SOCIAL CONDITIONS--STATISTICS
650 _aPOVERTY--ASIA
650 0 _aLATIN AMERICA--ECONOMIC CONDITIONS--STATISTICS
650 _aSOCIAL INDICATORS--LATIN AMERICA
710 _aWorld Bank
995 _D0.00
_FCBU-MAIN LIBRARY (Kitwe)
_H1
_I0.00
_M1
_UAVAILABLE
_ZInternational Publications
999 _c57671
_d57671